Chatka Puchatka /
Na minha lista:
| Autor principal: | |
|---|---|
| Autor Corporativo: | |
| Outros Autores: | , |
| Formato: | Livro |
| Idioma: | polonês inglês |
| Publicado em: |
Warszawa :
"Książka i Wiedza",
1987
|
| Edição: | [Wyd. 12]. |
| Tags: |
Sem tags, seja o primeiro a adicionar uma tag!
|
MARC
| LEADER | 00000nam a2200000 i 4500 | ||
|---|---|---|---|
| 001 | 991007229379705066 | ||
| 005 | 20260515140227.0 | ||
| 008 | 981023s1987 pl a |000 f pol | ||
| 020 | |a 8305119858 | ||
| 035 | |a 991007229379705066 | ||
| 035 | |a (PL-WaBN)b1187773x-48omnis_nlop | ||
| 035 | |a b1187773x | ||
| 035 | |a (OCoLC)751358869 | ||
| 035 | |a xx001974612 | ||
| 035 | |a (PL)b0000001187773 | ||
| 035 | |a (EXLNZ-48OMNIS_NETWORK)9910218948905606 | ||
| 040 | |a WA N |c WA N |d WA N | ||
| 041 | 1 | |a pol |h eng | |
| 080 | |a 820-93 | ||
| 090 | |c 95 |d 94 | ||
| 100 | 1 | |a Milne, A. A. |d (1882-1956) | |
| 240 | 1 | 0 | |a House at Pooh Corner |l (pol.) |
| 245 | 1 | 0 | |a Chatka Puchatka / |c A. A. Milne ; przeł. [z ang.] Irena Tuwim ; [il. Ernest Shepard]. |
| 246 | 1 | |i Tyt. oryg.: |a House at Pooh Corner | |
| 250 | |a [Wyd. 12]. | ||
| 260 | |a Warszawa : |b "Książka i Wiedza", |c 1987 |e (Olszt. : |f OZGSP). | ||
| 300 | |a 150, [2] s. : |b rys. ; |c 21 cm. | ||
| 500 | |a Tyt. oryg.: The house of Pooh Corner.- Stanowi cz. 2 cyklu, cz. 1 pt. : Kubuś Puchatek.- Dr. z diapoz. | ||
| 700 | 1 | |a Shepard, Ernest H. |d (1879-1976) |e Ilustracje | |
| 700 | 1 | |a Tuwim, Irena |d (1898-1987) |e Tłumaczenie | |
| 710 | 2 | |a Spółdzielnia Wydawniczo-Handlowa "Książka i Wiedza" | |
| 920 | |a 83-05-11985-8 zł 190 | ||
| 942 | |c K | ||
| 952 | |0 0 |1 0 |4 0 |6 R__11_000000000000000 |7 0 |9 92 |a RYT |b RYT |d 2026-05-12 |e 1/2014 |g 10.00 |l 0 |o R.11 |p 2000000000114 |r 2026-05-15 14:02:27 |w 2026-05-15 |y BK |z da | ||
| 999 | |c 92 |d 92 | ||